| 000 | 00434nam a22001697a 4500 | ||
|---|---|---|---|
| 999 |
_c2218 _d2218 |
||
| 005 | 20181009192508.0 | ||
| 008 | 181009b ||||| |||| 00| 0 eng d | ||
| 020 | _a0871621797 | ||
| 040 | _cDLC | ||
| 082 |
_a242 _bP3171J |
||
| 100 | _aPatterson, Betsy | ||
| 245 |
_aJesus- My Life and My Love _cBetsy Patterson |
||
| 260 |
_aAnderson, Indiana _bWarner Press _c1975 |
||
| 300 | _a94p,; | ||
| 650 | _xChristian life | ||
| 942 |
_2ddc _cBK |
||